000 00406nam a2200169Ia 4500
005 20250411022829.0
008 240331s9999 xx 000 0 und d
020 _a9559604007
082 _bSIN
_a891
100 _aSinhaarachchi,C.L
245 0 _aAparajitha jeewithayak
250 _a2nd
260 _aColombo
_bDayawansa jayakody & Company
_c1997
300 _a270 p .,
650 _aNovel
942 _cL
999 _c4880
_d4880